Remaking society
Αποθηκεύτηκε σε:
| Κύριος συγγραφέας: | |
|---|---|
| Μορφή: | Βιβλίο |
| Γλώσσα: | English |
| Δημοσίευση: |
Montreal :
Black Rose,
1990.
|
| Θέματα: | |
| Ετικέτες: |
Προσθήκη ετικέτας
Δεν υπάρχουν, Καταχωρήστε ετικέτα πρώτοι!
|
MARC
| LEADER | 00000cam a2200000 i 4500 | ||
|---|---|---|---|
| 001 | 1/6346 | ||
| 008 | 960628s1990 cn | ||| |||| | eng|| | ||
| 020 | |a 0921689020 | ||
| 035 | |l 10016321 | ||
| 040 | |a GR-MyUA |b gre |e AACR2 | ||
| 041 | 0 | |a eng | |
| 082 | 0 | |a 335.83 | |
| 100 | 1 | |a Bookchin, Murray, |d 1921-2006. | |
| 245 | 1 | 0 | |a Remaking society / |c Murray Bookchin. |
| 260 | |a Montreal : |b Black Rose, |c 1990. | ||
| 300 | |a 222 σ. | ||
| 504 | |a Περιέχει ευρετήριο. | ||
| 650 | 0 | 0 | |a Anarchism. |
| 650 | 0 | 0 | |a Human ecology. |
| 650 | 0 | 0 | |a Social ethics. |
| 650 | 0 | 0 | |a Technology and civilization. |
| 767 | 0 | 8 | |i Μεταφρασμένο ως: |t Ξαναφτιάχνοντας τη κοινωνία / |
| 852 | |a INST |b LESVOS |e 19960628 |h 335.83 BOO |p 005100009749 |q 005100009749 |t BK |y 0 | ||
| 909 | |a Λ |b 040228 | ||